Κατάλογος Βιβλιοθηκών Mediterranean College

A Beginning Teacher's Guide to Special Education Needs (Record no. 5987)

MARC details
000 -LEADER
fixed length control field 01213cam a22001934a 4500
005 - ΗΜΕΡΟΜΗΝΙΑ ΚΑΙ ΩΡΑ ΤΕΛΕΥΤΑΙΑΣ ΕΝΗΜΕΡΩΣΗΣ
Πεδίο ελέγχου 20250605164227.0
008 - FIXED-LENGTH DATA ELEMENTS--GENERAL INFORMATION
Πεδίο ελέγχου σταθερού μήκους 250528s ||||||||||||||||||||||||d
035 ## - SYSTEM CONTROL NUMBER
System control number 20910
020 ## - ISBN
ISBN 9780335233540
040 ## - ΠΗΓΗ ΚΑΤΑΛΟΓΟΓΡΑΦΗΣΗΣ
Φορέας πρωτότυπης καταλογογράφησης MC Athens Campus Library
Γλώσσα καταλογογράφησης Ελληνικά, Μοντέρνα (1453-)
Modifying agency MC Athens Campus Library
Κανόνες περιγραφικής καταλογογράφησης AACR2
245 1# - ΤΙΤΛΟΣ ΚΑΙ ΔΗΛΩΣΗ ΥΠΕΥΘΥΝΟΤΗΤΑΣ
Τίτλος A Beginning Teacher's Guide to Special Education Needs
260 ## - PUBLICATION, DISTRIBUTION, ETC.
Name of publisher, distributor, etc. Mcgraw Hill,
Date of publication, distribution, etc. 2009
300 ## - PHYSICAL DESCRIPTION
Extent 236
520 ## - SUMMARY, ETC.
Summary, etc. This book provides an excellent intoduction and practice in Special Educational Needs. Preface, Special Educational Needs: Policy and Context, Making Sense of Learning and Difficulties in Learning, A Historical Perspective and the Current Legal Position, Approaches to Assessment and Planning and Teaching and Learning, Overview of Approaches to Four Areas of Need, Assessment and Planning, Addressing the Needs of Learners who Experience Literacy Difficulties, Understanding and Addressing Special Difficulties in Mathematics, Behavioural Issues in Classrooms, Support for Special Learning Needs, Uses of ICT to Support Students' Special Learning Needs, Professional Relationships with Other People, Final Word, References, Index.
700 1# - ΠΡΟΣΘΕΤΗ ΑΝΑΓΡΑΦΗ--ΦΥΣΙΚΟ ΠΡΟΣΩΠΟ
Personal name Wearmouth Janice
9 (RLIN) 6725
942 ## - ADDED ENTRY ELEMENTS (KOHA)
Koha item type Books
Holdings
Τύπος τεκμηρίου Βιβλιοθήκη Τρέχουσα τοποθεσία Barcode Αριθμός εισαγωγής Ημερομηνία απόκτησης Ταξιθετικό σύμβολο Αριθμός αντιτύπου Κατάσταση απόσυρσης Κατάσταση χαμένου Κατάσταση κατεστραμμένου Μη δανεισμός Σύνολο δανεισμών Ημερομηνία τελευταίας εμφάνισης Η τιμή ισχύει από
Books MC Athens Campus Library MC Athens Campus Library 9780000059864 6608 05/06/2025 371.9 WEA 1           05/06/2025 05/06/2025

MC Athens Campus Library
Πατησίων 94 & Κοδριγκτώνος 13, 104 34
Πελλήνης 8 & Πατησίων 107, 112 51
Τ: +30 210 8899600

MC Thessaloniki Campus Library
Ίωνος Δραγούμη 21, 54625 | Ίωνος Δραγούμη 15, 54625
Τ: +30 2310 287779 – Τ: +30 2314 440300